000
00315nam a2200109Ia 4500
008
171204s9999 xx 000 0 und d
245
_a
Professional Heroku Programming:
245
_c
Brad Gyger and Chris Kemp
260
_c
2013
650
_x
Programming 1-11
856
_u
http://down.ebook777.com/057/1118508998.pdf
999
_c
345908
_d
345908